Films Disney nommés d'après leur personnage principal - Statistiques

Statistiques générales
  • Ce quiz a été pris 452 fois
  • Le résultat moyen est 5 sur 15
Statistiques - réponses
Films % Correct
Cendrillon
93%
Raiponce
68%
Mulan
60%
Aladdin
43%
Dumbo
37%
Pinocchio
36%
Bambi
32%
Peter Pan
29%
Tarzan
29%
Hercule
26%
Robin des Bois
18%
WALL-E
16%
Luca
12%
Mary Poppins
8%
Buzz l'Éclair
5%
Aucun quiz correspondant
Distribution des résultats
% des personnes avec chaque résultat
Percentile par nombre de réponses
Votre historique - résultats
Vous n’avez pas pris ce quiz